LKTB QUIZ - Statistics

General Stats
  • This quiz has been taken 28 times
  • The average score is 13 of 21
Answer Stats
Hint Answer % Correct
Number of terminals 2
100%
ICAO LKTB
100%
Number of working RTG 0
75%
Number of foreign employees 3
75%
Number of working gates 6
75%
Number of check-in desks 8
75%
IATA code BRQ
75%
Airport Services Manager Gustav
75%
CEO Jiří Filip
75%
Favourite destination Burgas
50%
Where is actual information desk? Check-in supervisor office
50%
The biggest hardworkers Firemen
50%
Most common nationality of foreign employees Hungarian
50%
Parking lot capacity Insufficient
50%
Where is information desk? In the middle of the terminal
50%
Most beautiful employee Kačena
50%
Менеджер по обслуживанию аэропорта Kamila Zdar!!!
50%
Favourite passanger Květuš
50%
Employee relaotionships specialist Nedomová
50%
The messiest person Vorel skalní
50%
SSR for ZDKV WCHC+DPNA
25%
No matching quizzes found
Score Distribution
Percent of People with Each Score
Percentile by Number Answered
Your Score History
You have not taken this quiz